000 03150nam0a2200373 4500
001 RU\NLR\BIBL_A\022546394
005 20260420044724.0
010 _a978-5-00202-746-0
_9500
021 _aRU
_bКН-П-25-017840
_9КН-П-25-1813
035 _a(NLR Aleph) 022546394
090 _a13672908
_c13672908
100 _a20250521d2025 u y0rusy50 ca
101 0 _arus
102 _aRU
105 _aa j 010yy
181 0 _ai3
_baxxe
182 0 _an
200 1 _aМаркетинг в социальных сетях
_eучебное пособие
_eдля студентов высших учебных заведений очной и заочной форм обучения направлений подготовки 38.04.01 "Экономика" и 38.04.06 "Торговое дело"
_eпосвящается 105-летию ФГБОУ ВО "Донецкий национальный университет экономики и торговли имени Михаила Туган-Барановского"
_fАзарян Елена Михайловна, Мелентьева Оксана Владимировна, Княжевский Илья Игоревич
_gМинистерство науки и высшего образования Российской Федерации, Федеральное государственное бюджетное образовательное учреждение высшего образования "Донецкий национальный университет экономики и торговли имени Михаила Туган-Барановского", Факультет маркетинга и торгового дела, Кафедра маркетинга и торгового дела
203 _aТекст
_bвизуальный
_cнепосредственный
210 _aБарнаул
_cКолмогоров И. А.
_d2025
215 _d20
300 _aНа обороте тит. л. авт.: Азарян Е. М., д-р экон. наук, проф., Мелентьева О. В., д-р экон. наук, доц., проф., Княжевский И. И., канд. экон. наук, доц.
300 _aДоп. информ. в ссылках QR-кодов кн.
320 _aБиблиогр.: с. 156-160
606 1 _aСоциальные сети
_jУчебные издания для высших учебных заведений
_xПрименение в маркетинге
_92488526
_3RU\NLR\AUTH\6601692945
606 1 _aINTERNET, глобальная информационная сеть
_jУчебные издания для высших учебных заведений
_xПрименение в маркетинге
_92163030
_3RU\NLR\AUTH\661301621
686 1 _aУ5-361.4в612я73
700 1 _aАзарян
_bЕ. М.
_gЕлена Михайловна
701 1 _aМелентьева
_bО. В.
_gОксана Владимировна
701 1 _aКняжевский
_bИ. И.
_gИлья Игоревич
942 _cBOOK
980 _aNB